书目信息 |
| 题名: |
准战争状态研究
|
|
| 作者: | 李广民 著 | |
| 分册: | ||
| 出版信息: | 北京 社会科学文献出版社 2003 |
|
| 页数: | 427页 | |
| 开本: | 22cm | |
| 丛书名: | 中国社会科学院中日历史研究中心文库 | |
| 单 册: | ||
| 中图分类: | D829.313 | |
| 科图分类: | ||
| 主题词: | 中日关系--国际关系史--研究 | |
| 电子资源: | ||
| ISBN: | 7-80190-120-7 | |
| 000 | 01224nam0 2200325 450 | |
| 000 | 01187nam0 2200313 450 | |
| 000 | 01185nam0 2200325 450 | |
| 000 | 01131nam0 2200301 450 | |
| 000 | 01149nam0 2200289 450 | |
| 000 | 01112nam0 2200277 45 | |
| 001 | TS2006022532 | |
| 005 | 20070112090427.70 | |
| 010 | @a7-80190-120-7@dCNY28.00 | |
| 100 | @a20060829d2003 kemy0chiy0110 ea | |
| 101 | 0 | @achi |
| 102 | @aCN@b110000 | |
| 105 | @ay z 000yy | |
| 200 | 1 | @a准战争状态研究@AZhun Zhan Zheng Zhuang Tai Yan Jiu@f李广民著@FLi Guang Min Zhu |
| 210 | @a北京@c社会科学文献出版社@d2003 | |
| 215 | @a427页@d22cm | |
| 225 | 2 | @a中国社会科学院中日历史研究中心文库 |
| 330 | @a本书共分为八章,介绍了“满蒙权益”国际法的“依据”、国际联盟与九一八事变、国联对“一·二八”事变的处理、中国国民党政府“战而不宣”、日本“不宣而战”等事件,揭示了“一衣带水”的中日关系。 | |
| 410 | 0 | @12001 @a中国社会科学院中日历史研究中心文库 |
| 606 | 0 | @a中日关系@x国际关系史@x研究 |
| 690 | @aD829.313@v4 | |
| 701 | 0 | @a李广民@ALi Guang Min@4著 |
| 801 | 0 | @aCN@b中图数据@c20070112 |
| 905 | @a10447@dD829.313@e106 | |
| 准战争状态研究/李广民著.-北京:社会科学文献出版社,2003 |
| 427页;22cm.-(中国社会科学院中日历史研究中心文库) |
| ISBN 7-80190-120-7:CNY28.00 |
| 本书共分为八章,介绍了“满蒙权益”国际法的“依据”、国际联盟与九一八事变、国联对“一·二八”事变的处理、中国国民党政府“战而不宣”、日本“不宣而战”等事件,揭示了“一衣带水”的中日关系。 |
| ● |
| 相关链接 |
|
|
|
|
正题名:准战争状态研究
索取号:D829.313/106
 
预约/预借
| 序号 | 登录号 | 条形码 | 馆藏地/架位号 | 状态 | 备注 |
| 1 | 0611041 | 206110411 | 第一样本阅览室/ [索取号:D829.313/106] | 在馆 | |
| 2 | 0611042 | 206110420 | 第一借阅区/ [索取号:D829.313/106] | 在馆 | |
| 3 | 0611043 | 206110439 | 第一借阅区/ [索取号:D829.313/106] | 在馆 | |
| 4 | 0611044 | 206110448 | 第一借阅区/ [索取号:D829.313/106] | 在馆 | |
| 5 | 0611045 | 206110457 | 第一借阅区/ [索取号:D829.313/106] | 在馆 |